La innovación educativa en la era digital / (Record no. 28526)

MARC details
000 -LEADER
campo de control de longitud fija 01377ntaaa2200337 4500
003 - IDENTIFICADOR DE NÚMERO DE CONTROL
campo de control 01
005 - FECHA Y HORA DE LA ÚLTIMA TRANSACCIÓN
campo de control 20251027203313.0
008 - DATOS DE LONGITUD FIJA--INFORMACIÓN GENERAL
campo de control de longitud fija 0714s1973 ag 01
020 ## - NÚMERO INTERNACIONAL ESTÁNDAR DEL LIBRO
Número Internacional Estándar del Libro 9789501293784
040 ## - FUENTE DE CATALOGACIÓN
Centro catalogador/agencia de origen AR-BaBN
Lengua de catalogación spa
Centro/agencia transcriptor AR-BaBN
Normas de descripción aacr
Centro/agencia modificador RIC
082 ## - NÚMERO DE LA CLASIFICACIÓN DECIMAL DEWEY
Número de clasificación 371.33 L61
100 ## - ENTRADA PRINCIPAL--NOMBRE DE PERSONA
Nombre de persona Libedinsky, Marta
9 (RLIN) 36170
245 ## - MENCIÓN DEL TÍTULO
Título La innovación educativa en la era digital /
Mención de responsabilidad, etc. Marta Libedinsky
260 ## - PUBLICACIÓN, DISTRIBUCIÓN, ETC.
Lugar de publicación, distribución, etc. Buenos Aires :
Nombre del editor, distribuidor, etc. Paidós,
Fecha de publicación, distribución, etc. 2016
300 ## - DESCRIPCIÓN FÍSICA
Extensión 124 p. ;
Dimensiones 22 cm.
490 ## - MENCIÓN DE SERIE
Mención de serie Biblioteca fundamental de la educación
500 ## - NOTA GENERAL
Nota general Bibliografía: p. 113-117
505 ## - NOTA DE CONTENIDO CON FORMATO
Título Capítulo 1. La innovación en educación vista desde diferentes perspectivas
505 ## - NOTA DE CONTENIDO CON FORMATO
Título Capítulo 2. Tipos de innovaciones en educación
505 ## - NOTA DE CONTENIDO CON FORMATO
Título Capítulo 3. La innovación didáctica y la innovación tecnológica
505 ## - NOTA DE CONTENIDO CON FORMATO
Título Capítulo 4. La innovación didáctica emergente como resolución de problemas
505 ## - NOTA DE CONTENIDO CON FORMATO
Título Capítulo 5. Cuatro casos de innovación en educación formal
505 ## - NOTA DE CONTENIDO CON FORMATO
Título Capítulo 6. Sobre las innovaciones en contextos informales
505 ## - NOTA DE CONTENIDO CON FORMATO
Título Capítulo 7. La documentación de experiencias educativas innovadoras
505 ## - NOTA DE CONTENIDO CON FORMATO
Título Capítulo 8. El valor de las metáforas para hablar de educación e innovación
650 ## - PUNTO DE ACCESO ADICIONAL DE MATERIA--TÉRMINO DE MATERIA
Término de materia o nombre geográfico como elemento de entrada EDUCACION
650 ## - PUNTO DE ACCESO ADICIONAL DE MATERIA--TÉRMINO DE MATERIA
Término de materia o nombre geográfico como elemento de entrada TECNOLOGIA EDUCATIVA
9 (RLIN) 33785
650 ## - PUNTO DE ACCESO ADICIONAL DE MATERIA--TÉRMINO DE MATERIA
Término de materia o nombre geográfico como elemento de entrada DIDACTICA
700 ## - ENTRADA AGREGADA--NOMBRE PERSONAL
Nombre de persona Rottemberg, Rosa
Término indicativo de función/relación selección
942 ## - ELEMENTOS DE ENTRADA SECUNDARIOS (KOHA)
Tipo de ítem Koha Colección General
Holdings
Estatus retirado Estado de pérdida Estado de daño No para préstamo Biblioteca de origen Biblioteca actual Fecha de adquisición Número de inventario Total de préstamos Signatura topográfica completa Código de barras Visto por última vez Precio de reemplazo Tipo de ítem Koha
        Biblioteca Pluis Biblioteca Pluis 27/10/2025 045007   371.33 L61 045007 27/10/2025 27/10/2025 Colección General